Cabo Verde : Technical Assistance Report-Monetary and Financial Statistics Mission.

At the request of the IMF's African Department (AFR) and the Bank of Cabo Verde (BCV), a monetary and financial statistics (MFS) remote technical assistance (TA) mission from the IMF's Statistics Department (STA) took place during January 18-29, 2021. The main objective of the mission was...

תיאור מלא

מידע ביבליוגרפי
מחבר תאגידי: International Monetary Fund. Statistics Dept
פורמט: כתב-עת
שפה:English
יצא לאור: Washington, D.C. : International Monetary Fund, 2021.
סדרה:IMF Staff Country Reports; Country Report ; No. 2021/099
נושאים:
גישה מקוונת:Full text available on IMF
LEADER 02245cas a2200301 a 4500
001 AALejournalIMF021609
008 230101c9999 xx r poo 0 0eng d
020 |c 5.00 USD 
020 |z 9781513573052 
022 |a 1934-7685 
040 |a BD-DhAAL  |c BD-DhAAL 
110 2 |a International Monetary Fund.  |b Statistics Dept. 
245 1 0 |a Cabo Verde :   |b Technical Assistance Report-Monetary and Financial Statistics Mission. 
264 1 |a Washington, D.C. :  |b International Monetary Fund,  |c 2021. 
300 |a 1 online resource (15 pages) 
490 1 |a IMF Staff Country Reports 
500 |a <strong>Off-Campus Access:</strong> No User ID or Password Required 
500 |a <strong>On-Campus Access:</strong> No User ID or Password Required 
506 |a Electronic access restricted to authorized BRAC University faculty, staff and students 
520 3 |a At the request of the IMF's African Department (AFR) and the Bank of Cabo Verde (BCV), a monetary and financial statistics (MFS) remote technical assistance (TA) mission from the IMF's Statistics Department (STA) took place during January 18-29, 2021. The main objective of the mission was to assist the BCV in (i) reconciling the monetary accounts disseminated by the BCV with the monetary statistics submitted to STA for dissemination through International Financial Statistics and for internal use, in particular within AFR; (ii) improving the collection of data on sectoral distribution of credit by economic activity; and (iii) implementation of the IMF's 2016 Monetary and Financial Statistics Manual and Compilation Guide (MFSMCG).The work of the mission was facilitated by the excellent collaboration of the BCV's staff, in particular the Statistics and Economic Studies Department (DEE). The officials met during the mission are listed in Appendix I. 
538 |a Mode of access: Internet 
650 7 |a International Agreements  |2 imf 
650 7 |a International Organizations  |2 imf 
650 7 |a Monetary Policy  |2 imf 
650 7 |a Observance  |2 imf 
651 7 |a Cabo Verde  |2 imf 
830 0 |a IMF Staff Country Reports; Country Report ;  |v No. 2021/099 
856 4 0 |z Full text available on IMF  |u http://elibrary.imf.org/view/journals/002/2021/099/002.2021.issue-099-en.xml  |z IMF e-Library